| 000 | 01296 a2200217 4500 | ||
|---|---|---|---|
| 001 | 35997 | ||
| 005 | 20260407155637.0 | ||
| 008 | 260407a2003 arg spa d | ||
| 003 | AR-UNSa-BCEJYS | ||
| 040 |
_aAR-UNSa-BCEJYS _bspa _cAR-UNSa-BCEJYS |
||
| 080 |
_a658.012.4 _xGestión. Dirección. Autoridad. Técnicas y métodos de gestión (gestión del conocimiento, Outsourcing, Benchmarking...) |
||
| 245 | 1 | 0 |
_aGestión de la complejidad de las organizaciones _pla estrategia frente a lo improvisto y lo impensado |
| 020 | _a970-613-089-6 | ||
| 264 | 1 |
_aMéxico : _bOxford University Press _c2003 |
|
| 300 |
_axxxvi, 404 p. _c23 cm. |
||
| 505 | _aI.Análisis de la organización: 1. La organización viable - 2. Modelos de organización - 3. Dinámica de la organización - II. Planeación y diseño: 4. Objetivos, políticas y estrategia - 5. Estrategias de crecimiento - III. La función de la organización : 6. El proceso decisorio - 7. El saber de los directivos - 8. El discurso directivo - IV. La gobernabilidad : 9. La empresa y su contexto - 10. La dimensión ética de la empresa. | ||
| 942 | _cBK | ||
| 590 | _aniveau_biblio:m niveau_hierar:0 | ||
| 100 | 1 | _aEtkin, Jorge Ricardo | |
| 856 | 4 | 1 |
_uhttps://biblioeco.unsa.edu.ar/pmb/images/libros/L86507.jpg _yImagen de portada _qimage/jpeg |
| 999 |
_c2601 _d2601 |
||